[Event "Bodensee op 9th"]
[Site "Bregenz"]
[Date "2025.05.24"]
[Round "1"]
[White "Petriashvili, Nikoloz"]
[Black "Ellinger, Maximilian"]
[Result "1/2-1/2"]
[WhiteElo "2468"]
[BlackElo "2039"]
[PlyCount "108"]
[EventDate "2025.05.24"]
[EventType "swiss"]
[EventRounds "9"]
[EventCountry "AUT"]
[SourceTitle "CB23_2025"]
[SourceDate "2025.06.04"]
[SourceVersion "1"]
[SourceVersionDate "2025.06.04"]
[SourceQuality "1"]

1. Nf3 Nf6 2. g3 c5 3. b3 g6 4. Bb2 Bg7 5. Bg2 0-0 6. c4 Nc6 7. 0-0 b6 8. d4 cxd4 9. Nxd4 Bb7 10. Nc3 Rb8 11. Nc2 Na5 12. Nd5 Nxd5 13. Bxg7 Ne3 14. Nxe3 Kxg7 15. Qd4+ Kg8 16. Rad1 Bxg2 17. Kxg2 d6 18. h4 h5 19. g4 hxg4 20. Qxg4 Qc8 21. Qg5 Qe6 22. h5 Kg7 23. Rh1 Rh8 24. Rd4 Nc6 25. Rf4 Rbf8 26. hxg6 Qxg6 27. Qxg6+ Kxg6 28. Rxh8 Rxh8 29. Nd5 f6 30. Rf3 Kf7 31. Re3 Rg8+ 32. Kf1 Rh8 33. Kg2 Rg8+ 34. Rg3 Rxg3+ 35. Kxg3 e6 36. Nc3 f5 37. Kf3 Ke7 38. Ke3 Kd7 39. f4 Kc7 40. Kd3 Nb4+ 41. Kd2 Kd7 42. a3 Nc6 43. Kd3 Kc7 44. Nb5+ Kd7 45. e3 Ke7 46. b4 Kd7 47. Nd4 Ne7 48. Nb5 Nc6 49. Kc2 Ke7 50. Kc3 Kd7 51. Nd4 Ne7 52. a4 e5 53. Ne2 Ng6 54. Kd3 Kc6 1/2-1/2